ARRUPE JESUIT UNIVERSITY

CORONAVIRUS -STOP THE SPREAD - CLEAN,DISINFECT,COVER

The Cambridge Companion to Medievalism / (Record no. 129010)

MARC details
000 -LEADER
fixed length control field 03591cam a2200421 i 4500
001 - CONTROL NUMBER
control field 18924074
003 - CONTROL NUMBER IDENTIFIER
control field ARRUPE
005 - DATE AND TIME OF LATEST TRANSACTION
control field 20190214103115.0
008 - FIXED-LENGTH DATA ELEMENTS--GENERAL INFORMATION
fixed length control field 160104s2016 enka b 001 0 eng
010 ## - LIBRARY OF CONGRESS CONTROL NUMBER
LC control number 2015042019
020 ## - INTERNATIONAL STANDARD BOOK NUMBER
International Standard Book Number 9781107086715 (hardback)
020 ## - INTERNATIONAL STANDARD BOOK NUMBER
International Standard Book Number 9781107451650 (paperback)
040 ## - CATALOGING SOURCE
Original cataloging agency DLC
Language of cataloging eng
Transcribing agency DLC
Description conventions rda
Modifying agency DLC
042 ## - AUTHENTICATION CODE
Authentication code pcc
050 00 - LIBRARY OF CONGRESS CALL NUMBER
Classification number CB353
Item number .C36 2016
082 00 - DEWEY DECIMAL CLASSIFICATION NUMBER
Classification number 909.07
Edition number 23
300 ## - PHYSICAL DESCRIPTION
Other physical details illustrations ;
Dimensions 23 cm.
245 04 - TITLE STATEMENT
Title The Cambridge Companion to Medievalism /
Statement of responsibility, etc edited by Louise D'Arcens, University of Wollongong.
260 ## - PUBLICATION, DISTRIBUTION, ETC. (IMPRINT)
Place of publication, distribution, etc Cambridge
Name of publisher, distributor, etc Cambridge University Press
Date of publication, distribution, etc 2016
300 ## - PHYSICAL DESCRIPTION
Extent xii, 242 pages :
490 0# - SERIES STATEMENT
Series statement Cambridge companions to culture
504 ## - BIBLIOGRAPHY, ETC. NOTE
Bibliography, etc Includes bibliographical references (pages 224-233) and index.
505 8# - FORMATTED CONTENTS NOTE
Formatted contents note Machine generated contents note: Introduction: medievalism: scope and complexity Louise D'Arcens; 1. Medievalism in British poetry Chris Jones; 2. Medievalism and architecture John M. Ganim; 3. Medievalism and cinema Bettina Bildhauer; 4. Musical medievalism and the harmony of the spheres Helen Dell; 5. Participatory medievalism, digital gaming, and role playing Daniel T. Kline; 6. Early modern medievalism Mike Rodman Jones; 7. Romantic medievalism Clare A. Simmons; 8. Academic medievalism and nationalism Richard Utz; 9. Medievalism and the ideology of war Andrew Lynch; 10. Medievalism in Spanish America after independence Nadia Altschul; 11. Neomedievalism and international relations Bruce Holsinger; 12. Global medievalism and translation Candace Barrington; 13. Medievalism and theories of temporality Stephanie Trigg; 14. Queer medievalisms: a case study of Monty Python and the Holy Grail Tison Pugh.
520 ## - SUMMARY, ETC.
Summary, etc "Medievalism - the creative interpretation or recreation of the European Middle Ages - has had a major presence in the cultural memory of the modern West, and has grown in scale to become a global phenomenon. Countless examples across aesthetic, material and political domains reveal that the medieval period has long provided a fund of images and ideas that have been vital to defining 'the modern'. Bringing together local, national and global examples and tracing medievalism's unpredictable course from early modern poetry to contemporary digital culture, this authoritative Companion offers a panoramic view of the historical, aesthetic, ideological and conceptual dimensions of this phenomenon. It showcases a range of critical positions and approaches to discussing medievalism, from more 'traditional' historicist and close-reading practices through to theoretically engaged methods. It also acquaints readers with key terms and provides them with a sophisticated conceptual vocabulary for discussing the medieval afterlife in the modern"--
650 #0 - SUBJECT ADDED ENTRY--TOPICAL TERM
Topical term or geographic name as entry element Medievalism.
9 (RLIN) 44660
650 #0 - SUBJECT ADDED ENTRY--TOPICAL TERM
Topical term or geographic name as entry element Civilization, Medieval.
9 (RLIN) 5047
650 #0 - SUBJECT ADDED ENTRY--TOPICAL TERM
Topical term or geographic name as entry element Medievalism in literature.
9 (RLIN) 44661
650 #0 - SUBJECT ADDED ENTRY--TOPICAL TERM
Topical term or geographic name as entry element Medievalism in art.
9 (RLIN) 44662
650 #0 - SUBJECT ADDED ENTRY--TOPICAL TERM
Topical term or geographic name as entry element Medievalism
General subdivision Social aspects.
9 (RLIN) 44663
650 #0 - SUBJECT ADDED ENTRY--TOPICAL TERM
Topical term or geographic name as entry element Medievalism
General subdivision Political aspects.
9 (RLIN) 44664
650 #0 - SUBJECT ADDED ENTRY--TOPICAL TERM
Topical term or geographic name as entry element Medievalism
General subdivision Computer games.
9 (RLIN) 44665
650 #0 - SUBJECT ADDED ENTRY--TOPICAL TERM
Topical term or geographic name as entry element Middle Ages in motion pictures.
9 (RLIN) 44666
700 1# - ADDED ENTRY--PERSONAL NAME
Personal name D'Arcens, Louise,
Relator term editor.
9 (RLIN) 44667
856 42 - ELECTRONIC LOCATION AND ACCESS
Materials specified Cover image
Uniform Resource Identifier <a href="http://assets.cambridge.org/97811070/86715/cover/9781107086715.jpg">http://assets.cambridge.org/97811070/86715/cover/9781107086715.jpg</a>
906 ## - LOCAL DATA ELEMENT F, LDF (RLIN)
a 7
b cbc
c orignew
d 1
e ecip
f 20
g y-gencatlg
942 ## - ADDED ENTRY ELEMENTS (KOHA)
Source of classification or shelving scheme Library of Congress Classification
Koha item type Monograph ( Printed materials)
Holdings
Withdrawn status Lost status Source of classification or shelving scheme Damaged status Not for loan Collection code Home library Current library Shelving location Date acquired Total Checkouts Full call number Barcode Date last seen Price effective from Koha item type
    Library of Congress Classification     Main Collection ARRUPE LIBRARY ARRUPE LIBRARY Main Collection 14/02/2019   CB353 .C36 2016 46600003787 14/02/2019 14/02/2019 Monograph ( Printed materials)

 

Arrupe Library. PO Box MP320 Mt Pleasant, Harare, Zimbabwe
263 242 745411|librarian@aju.ac.zw